Songs by Artist Click Quiz #2 - Statistics

General Stats
  • This quiz has been taken 407 times
  • The average score is 23 of 30
Answer Stats
Hint Answer % Correct
I Kissed a Girl Katy Perry
94%
Rolling in the Deep Adele
93%
Thriller Michael Jackson
93%
Smooth Criminal Michael Jackson
91%
Another One Bites the Dust Queen
90%
Hello Adele
89%
Firework Katy Perry
88%
California Gurls Katy Perry
86%
Bad Michael Jackson
86%
Hot n Cold Katy Perry
84%
Numb Linkin Park
84%
Killer Queen Queen
84%
I Want to Break Free Queen
84%
Skyfall Adele
83%
Set Fire to the Rain Adele
83%
Eleanor Rigby The Beatles
81%
Someone Like You Adele
79%
All You Need Is Love The Beatles
78%
In the End Linkin Park
76%
Come Together The Beatles
72%
While My Guitar Gently Weeps The Beatles
72%
Crawling Linkin Park
71%
Love Me Do The Beatles
67%
What I've Done Linkin Park
63%
Somebody to Love Queen
63%
The Girl Is Mine Michael Jackson
61%
E.T. Katy Perry
54%
One Step Closer Linkin Park
54%
They Don't Care About Us Michael Jackson
54%
You're My Best Friend Queen
51%
No matching quizzes found
Score Distribution
Percent of People with Each Score
Percentile by Number Answered
Your Score History
You have not taken this quiz